Crisis management: a survey of propety development firms (Record no. 60249)

MARC details
000 -LEADER
fixed length control field 00839cam a2200253 4500
001 - CONTROL NUMBER
control field ABS61421
008 - FIXED-LENGTH DATA ELEMENTS--GENERAL INFORMATION
fixed length control field 000000n1999 000 0 eng u
035 ## - SYSTEM CONTROL NUMBER
System control number (Sirsi) u100883
100 ## - MAIN ENTRY--PERSONAL NAME
Personal name Pheng, L.S.
245 ## - TITLE STATEMENT
Title Crisis management: a survey of propety development firms
260 ## - PUBLICATION, DISTRIBUTION, ETC.
Date of publication, distribution, etc. 1999
490 ## - SERIES STATEMENT
Series statement Property Management
Volume/sequential designation 17(3) 1999, 231-251(11)
520 ## - SUMMARY, ETC.
Summary, etc. A survey of property developers in Singapore in mid-1996 reveals that their crisis management capabilities are affected by their size and opinion of the importance of crisis management. References.
590 ## - LOCAL NOTE (RLIN)
Local note ABS
650 ## - SUBJECT ADDED ENTRY--TOPICAL TERM
Topical term or geographic name entry element CRISIS MANAGEMENT
650 ## - SUBJECT ADDED ENTRY--TOPICAL TERM
Topical term or geographic name entry element STRATEGIES
650 ## - SUBJECT ADDED ENTRY--TOPICAL TERM
Topical term or geographic name entry element PROPERTY DEVELOPMENT
650 ## - SUBJECT ADDED ENTRY--TOPICAL TERM
Topical term or geographic name entry element SINGAPORE
650 ## - SUBJECT ADDED ENTRY--TOPICAL TERM
Topical term or geographic name entry element CRISIS
690 ## - LOCAL SUBJECT ADDED ENTRY--TOPICAL TERM (OCLC, RLIN)
Topical term or geographic name as entry element OVERSEAS-REST OF THE WORLD
700 ## - ADDED ENTRY--PERSONAL NAME
Personal name Ho, D.K.H.
700 ## - ADDED ENTRY--PERSONAL NAME
Personal name Ann, Y.S.
942 ## - ADDED ENTRY ELEMENTS (KOHA)
Suppress in OPAC 0
Holdings
Withdrawn status Lost status Source of classification or shelving scheme Damaged status Not for loan Home library Current library Shelving location Date acquired Total Checkouts Full call number Barcode Date last seen Copy number Price effective from Koha item type
    Dewey Decimal Classification     London London Journal article 26/10/1999   ABS61421 100883-1001 06/08/2019 1 06/08/2019 Journal article